Teaching nonprofit management /

Bibliographic Details
Corporate Author: ProQuest (Firm)
Other Authors: Bezboruah, Karabi C. (Editor), Carpenter, Heather L. (Editor)
Format: eBook
Language:English
Published: Cheltenham, UK ; Northampton, MA, USA : Edward Elgar Publishing, [2020]
Series:Elgar guides to teaching.
Subjects:
Online Access:Connect to the full text of this electronic book

MARC

Tag First Indicator Second Indicator Subfields
LEADER 00000cam a22000001i 4500
001 in00004437745
006 m |o d |
007 cr |n|||||||||
008 210707t20202020enka ob 001 0 eng d
005 20250816203839.0
020 |a 9781788118675 (electronic bk.) 
020 |a 1788118677 (electronic bk.) 
020 |z 9781788118668 
020 |z 1788118669 
024 8 |a 99987864679 
035 |a (NhCcYBP)ebc6190732 
040 |a NhCcYBP  |c NhCcYBP  |d UtOrBLW 
050 4 |a HD62.6  |b .T43 2020 
082 0 4 |a 658/.048071  |2 23 
245 0 0 |a Teaching nonprofit management /  |c edited by Karabi C. Bezboruah, Heather L. Carpenter. 
264 1 |a Cheltenham, UK ;  |a Northampton, MA, USA :  |b Edward Elgar Publishing,  |c [2020] 
264 4 |c ©2020 
300 |a 1 online resource. 
336 |a text  |b txt  |2 rdacontent 
337 |a computer  |b c  |2 rdamedia 
338 |a online resource  |b cr  |2 rdacarrier 
490 1 |a Elgar guides to teaching 
504 |a Includes bibliographical references and index. 
505 0 |a Management of nonprofit organizations -- an overview -- Teaching the theory and history of the nonprofit sector -- Ethics and accountability in nonprofit management curriculum -- Nonprofit governance and leadership for social impact -- Teaching 21st-century leadership in nonprofit management programs -- Teaching the public policy context of nonprofit management -- Nonprofit law: from tax advantages to employment law challenges -- Teaching nonprofit finance in the nonprofit curriculum -- Fundraising and resource development -- Teaching philanthropy: developing critical and compassionate approaches to giving -- Social innovation, entrepreneurship and enterprise: what nonprofit students need to know -- Teaching nonprofit human resource management: HR is for nonprofit leaders -- Nonprofit marketing -- Social media and digital literacies for nonprofit educators and professionals -- Teaching strategic planning and evaluation: tools and techniques -- The critical pedagogy of nonprofit management education: teaching for social justice -- Index. 
588 |a Description based on print version record. 
500 |a Electronic resource. 
650 0 |a Nonprofit organizations  |x Management  |x Study and teaching. 
655 7 |a Electronic books.  |2 local 
700 1 |a Bezboruah, Karabi C.,  |e editor. 
700 1 |a Carpenter, Heather L.,  |e editor. 
710 2 |a ProQuest (Firm)  |0 http://id.loc.gov/authorities/names/n2007068018 
776 1 8 |c Original  |z 9781788118668  |z 1788118669  |w (DLC) 2019956358 
830 0 |a Elgar guides to teaching.  |0 http://id.loc.gov/authorities/names/no2018111548 
856 4 0 |u https://ebookcentral.proquest.com/lib/tamucs/detail.action?docID=6190732  |z Connect to the full text of this electronic book  |t 0 
945 |b 941955 
955 |a YBP purchased firm e-records 
980 |b 225.00  |g 1 
987 |a ybp16632735 
999 f f |s 7681f3b2-b05f-3ef8-8cb1-81f2f139f09e  |i 32e044e4-3bea-3edb-8722-9240055536b7  |t 0 
952 f f |a Texas A&M University  |b College Station  |c Electronic Resources  |d Available Online  |t 0  |e HD62.6 .T43 2020  |h Library of Congress classification 
998 f f |a HD62.6 .T43 2020  |t 0  |l Available Online